20 anys de cooperació : història novel·lada / Juan Tellería, Fundació CIDOB història novel·lada / Juan Tellería, Fundació CIDOB
Descripción Física:
215 p. : fot. ; 30 x 21 cm
MARC
| LEADER | 00000nam a2200000Ia 4500 | ||
|---|---|---|---|
| 001 | 17387 | ||
| 008 | 160829s2007 xx 000 0 cat d | ||
| 080 | |a FOL-3-52 | ||
| 100 | |a Tellería, Juan |9 38688 | ||
| 245 | |a 20 anys de cooperació : |b història novel·lada / Juan Tellería, Fundació CIDOB | ||
| 260 | |a Hospitalet de Llobregat : |b Ajuntament de l'Hospitalet de Llobregat, |c 2007 | ||
| 300 | |a 215 p. : |b fot. ; |c 30 x 21 cm | ||
| 590 | |a Text en català i castellà | ||
| 650 | 0 | |a Cooperació internacional |9 20418 | |
| 650 | 0 | |a Drets humans |9 40200 | |
| 710 | 1 | |a Hospitalet de Llobregat (Catalunya). |b Ajuntament |9 52871 | |
| 710 | 2 | |a Centre d'Informació i Documentació Internacionals a Barcelona (CIDOB) |9 52934 | |
| 901 | |a Arxiu | ||
| 942 | |n 1 | ||
| 952 | |0 0 |1 0 |4 0 |6 FOL352 |7 1 |9 48536 |a Arxiu |b Arxiu |d 2016-12-01 |l 0 |o FOL-3-52 |p 17387 |r 2016-12-01 00:00:00 |w 2016-12-01 |y ARXIU | ||
| 999 | |c 52365 |d 52365 | ||